000 00414nam a2200169Ia 4500
008 230524s9999 xx 000 0 und d
020 _a9789351867869
082 _bRAN
100 _aDr. Manish Ranjan
_945119
245 0 _aKalam Quiz Book
250 _a1
260 _aNew Delhi
_bPrabhat Prakashan
_c2019
300 _a200p;
500 _aQuantity Number: 1
650 _aMiscellaneous
_91877
942 _cBK
999 _c60741
_d60741